01248nam a2200277Ia 450000500170000000800410001702000150005810000370007324500450011025000180015530000250017360000690019865000370026765000390030494200150034326400530035833600270041133700330043833800280047104000350049908400110053499900150054595201320056095201270069295201510081920220317000505.0160601s9999 xx 000 0 und d a848533468X1 aGuillén, Nicolás,d1902-198910aIsla de rojo coral cNicolás Guillén a2a edición  a136 páginasc21 cm aGuillen, Nicolasd1902-1989 xCritica e interpretación 94637414aPoesía cubana2LEMB ySiglo XX14aLiteratura cubana2LEMB ySiglo XX 2loccBKLIT aMadrid cSalamanca bLóguez Lector Jovenc2001 atextobtxt2rdacontent asin mediaciónbn2rdamedia avolumenbnc2rdacarrier aCO-BoRNBPbspaerdacCO-BoRNBP aP GUI2 c4194d4194 00102ddc40708GENaMEMAPIRIbMEMAPIRIcLITd2024-01-16l0oP GUI2pMAP00002543r2024-01-16 16:04:31tEj.1w2024-01-16yBKLIT 00102ddc40708GENaMEURIBEbMEURIBEcLITd2025-01-22l0oP GUI2pURI02301r2025-01-22 15:51:53tEj.1w2025-01-22yBKLIT 00102ddc40708012aMEGRANADbMEGRANADcLITd2026-02-19eBIBLIOTECA NACIONALl0oP GUI2pGRDA02076r2026-02-19 15:26:13tEj.1w2026-02-19yBKLIT